[Event "2nd American Continental"]
[Site "Buenos Aires ARG"]
[Date "2003.08.21"]
[Round "4"]
[White "Lida Garcia, Fernando"]
[Black "Bendana Guerrero, Guy"]
[Result "1/2-1/2"]
[WhiteElo "2130"]
[BlackElo "2186"]
[EventDate "2003.08.17"]
[PlyCount "136"]

1.b3 e5 2.Bb2 Nc6 3.c4 d6 4.g3 g6 5.Bg2 Bg7 6.Nc3 Nge7 7.e3 O-O 8.Nge2 Bf5
9.d3 Rb8 10.a3 a6 11.Rc1 Qd7 12.h3 Qd8 13.O-O Bd7 14.Qd2 f5 15.f4 Na5 16.
Qc2 b6 17.b4 Nb7 18.d4 e4 19.d5 Kh8 20.Rfd1 Ng8 21.Bf1 Qe8 22.Nd4 Ra8 23.
Rd2 Nd8 24.Be2 Nf6 25.Bd1 Rf7 26.Nce2 Qf8 27.Qb1 Qe8 28.Bb3 Rf8 29.Qa1 Qe7
30.Rcc2 h6 31.Qc1 Nb7 32.Nc6 Qe8 33.Ned4 Nd8 34.Nxd8 Rxd8 35.c5 bxc5 36.
bxc5 Rb8 37.c6 Bc8 38.Bc4 Qe7 39.Bc3 Ne8 40.Rb2 Ra8 41.Qb1 Nf6 42.Rb3 Qf7 
43.Qb2 Kh7 44.Ne2 Nh5 45.Bxg7 Nxg7 46.Rb8 Rxb8 47.Qxb8 Nh5 48.Qa7 Nf6 49.
Qd4 g5 50.Kh2 Qh5 51.Ng1 Qf7 52.Rg2 Qh5 53.Rd2 Qf7 54.Be2 Rg8 55.fxg5 Rxg5
56.Bd1 Qg7 57.Ne2 Rg6 58.Kg2 Qg8 59.Bc2 Nh5 60.g4 Rxg4+ 61.hxg4 Qxg4+ 62.
Kf2 Qf3+ 63.Kg1 Qg4+ 64.Ng3 Nxg3 65.Qa7 Ne2+ 66.Kf2 Qf3+ 67.Ke1 Qh1+ 68.
Kxe2 Qg2+ 1/2-1/2

[Event "2nd American Continental"]
[Site "Buenos Aires ARG"]
[Date "2003.08.21"]
[Round "4"]
[White "Lo Presti, Roberto"]
[Black "Cerda Albornoz, Guillermo"]
[Result "1-0"]
[WhiteElo "2042"]
[BlackElo "2224"]
[EventDate "2003.08.17"]
[PlyCount "85"]

1.e4 c5 2.Nf3 Nc6 3.d4 cxd4 4.Nxd4 e5 5.Nb5 d6 6.N1c3 a6 7.Na3 b5 8.Nd5 
Nf6 9.Bd3 Nxd5 10.exd5 Ne7 11.O-O b4 12.Nc4 Bb7 13.Ne3 g6 14.Bd2 Nxd5 15.
Nxd5 Bxd5 16.Bxb4 Qb6 17.Ba3 Be7 18.c4 Bc6 19.Qe2 O-O 20.Be4 Rac8 21.Bxc6 
Qxc6 22.Rac1 Rfe8 23.b3 a5 24.Rfd1 Bf8 25.Rd5 a4 26.b4 Bh6 27.Rc2 Re6 28.
b5 Qb6 29.Qd1 Bf8 30.Rc3 Qa5 31.Rc1 e4 32.Bxd6 Bh6 33.Rc2 e3 34.f4 Qb6 35.
Re2 Rxc4 36.Be5 Re8 37.g3 Rec8 38.Kg2 Qb7 39.Kh3 Qb6 40.Rd6 Qxb5 41.Rd8+ 
Rxd8 42.Qxd8+ Bf8 43.Qf6 1-0

[Event "2nd American Continental"]
[Site "Buenos Aires ARG"]
[Date "2003.08.21"]
[Round "4"]
[White "Luconi, Cristian"]
[Black "Plazaola, Maria De los Angeles"]
[Result "1-0"]
[WhiteElo "2115"]
[BlackElo "2047"]
[EventDate "2003.08.17"]
[PlyCount "53"]

1.d4 d5 2.Nf3 Nf6 3.Bf4 c6 4.Nbd2 Nbd7 5.e3 e6 6.Bd3 Be7 7.c3 O-O 8.h4 Re8
9.Ne5 Nf8 10.Qf3 Bd6 11.g4 Qe7 12.Bg5 N8d7 13.Qg3 Qf8 14.O-O-O c5 15.Bf4 
c4 16.Bc2 b5 17.Nxd7 Bxf4 18.Nxf6+ gxf6 19.Qxf4 b4 20.Nb1 Qe7 21.g5 f5 22.
Qe5 a5 23.h5 a4 24.h6 Qf8 25.cxb4 Bd7 26.a3 Rec8 27.Nc3 1-0

[Event "2nd American Continental"]
[Site "Buenos Aires ARG"]
[Date "2003.08.21"]
[Round "4"]
[White "Lujan, Carolina"]
[Black "Schneider, Dmitry"]
[Result "1-0"]
[WhiteElo "2263"]
[BlackElo "2425"]
[EventDate "2003.08.17"]
[PlyCount "105"]

1.e4 e6 2.d4 d5 3.Nc3 Bb4 4.e5 c5 5.a3 Bxc3+ 6.bxc3 Qc7 7.Nf3 Ne7 8.a4 
Nbc6 9.Ba3 cxd4 10.cxd4 Qa5+ 11.Qd2 Qxd2+ 12.Kxd2 Na5 13.Bd3 Bd7 14.Rhb1 
Rc8 15.h4 h5 16.g3 Rh6 17.Bb4 Nec6 18.Bd6 f6 19.Ra3 Kf7 20.Rc3 Rhh8 21.Rg1
Ne7 22.g4 hxg4 23.Rxg4 Nf5 24.Bb4 Nc4+ 25.Bxc4 dxc4 26.a5 Bc6 27.exf6 gxf6
28.Rf4 Bd5 29.Bc5 a6 30.Kc1 Rcg8 31.Nd2 Nxh4 32.Nxc4 Rg1+ 33.Kb2 Kg6 34.
Ne3 Kg5 35.Nxd5 exd5 36.Bd6 Nf5 37.Bc7 Rg4 38.Rxg4+ Kxg4 39.Rc5 Rc8 40.Kc3
Kf3 41.Kd3 Ng7 42.Rc3 Ne6 43.Kd2+ Kg2 44.Bg3 Rxc3 45.Kxc3 Kf3 46.Kd3 Nd8 
47.c4 dxc4+ 48.Kxc4 Nc6 49.Bc7 Ke4 50.d5 b5+ 51.axb6 Na5+ 52.Kb4 Nb7 53.d6
1-0

[Event "2nd American Continental"]
[Site "Buenos Aires ARG"]
[Date "2003.08.21"]
[Round "4"]
[White "Mahia, Gustavo"]
[Black "Aguilar, Andres"]
[Result "0-1"]
[WhiteElo "2377"]
[BlackElo "2204"]
[EventDate "2003.08.17"]
[PlyCount "78"]

1.e4 c5 2.Nf3 d6 3.d4 cxd4 4.Nxd4 Nf6 5.Nc3 Nc6 6.Bg5 e6 7.Qd2 a6 8.O-O-O 
h6 9.Be3 Nxd4 10.Bxd4 b5 11.f3 Qa5 12.Kb1 b4 13.Ne2 e5 14.Bf2 Be6 15.Nc1 
d5 16.Bd3 Be7 17.Rhe1 O-O 18.Bg3 dxe4 19.fxe4 Nd7 20.Nb3 Qb6 21.Qe2 Rfc8 
22.Nd2 Qc6 23.Nf1 Nb6 24.Bxe5 Bxa2+ 25.Kc1 Bg5+ 26.Ne3 Nc4 27.Bd4 Bb3 28.
Kb1 Nxe3 29.Bxe3 Be6 30.Bxg5 hxg5 31.b3 Qc3 32.Qd2 Qe5 33.Qxb4 Rab8 34.Qa3
Rc3 35.Ka2 a5 36.Rd2 Rb4 37.Bf1 Qc5 38.Rd8+ Kh7 39.Bd3 Rxc2+ 0-1

[Event "2nd American Continental"]
[Site "Buenos Aires ARG"]
[Date "2003.08.21"]
[Round "4"]
[White "Malbran, Guillermo"]
[Black "Slipak, Sergio David"]
[Result "0-1"]
[WhiteElo "2345"]
[BlackElo "2497"]
[EventDate "2003.08.17"]
[PlyCount "144"]

1.e4 c6 2.d4 d5 3.exd5 cxd5 4.Bd3 Nc6 5.c3 Nf6 6.Bf4 Bg4 7.Qb3 Na5 8.Qa4+ 
Bd7 9.Qc2 Qb6 10.Nf3 Bb5 11.Bxb5+ Qxb5 12.Na3 Qb6 13.O-O Rc8 14.Qa4+ Nc6 
15.Qb3 Qxb3 16.axb3 e6 17.b4 Nh5 18.Be3 Bd6 19.Ne1 O-O 20.Nd3 Nf6 21.f3 
Nd7 22.Bf4 Bxf4 23.Nxf4 Ra8 24.Nd3 a5 25.b5 Ne7 26.g4 Rfc8 27.Rfc1 Nb6 28.
Nc5 Rc7 29.Kf2 Nc4 30.Nxc4 dxc4 31.Ra4 Nd5 32.Rca1 b6 33.Na6 Rcc8 34.Nb4 
Nc7 35.Nc6 Kf8 36.Ne5 Ke7 37.Nxc4 Rab8 38.Na3 Nd5 39.Rd1 h5 40.g5 Rc7 41.
Nc4 f6 42.gxf6+ Kxf6 43.Ne5 Rd8 44.Nd3 g5 45.Rg1 Ne7 46.Re1 Ng6 47.Ne5 
Nxe5 48.Rxe5 Rd5 49.Rxd5 exd5 50.Ra1 Re7 51.Rh1 Kf5 52.Rd1 Kf4 53.Rd3 a4 
54.c4 dxc4 55.Rc3 Rc7 56.Re3 Rd7 57.Re4+ Kf5 58.Re5+ Kf4 59.Re4+ Kf5 60.
Re5+ Kf6 61.Ke3 Ra7 62.Kd2 a3 63.bxa3 Rxa3 64.Re3 Rxe3 65.Kxe3 Ke6 66.Ke4 
Kd6 67.h3 h4 68.f4 gxf4 69.Kxf4 Kd5 70.Ke3 c3 71.Kd3 c2 72.Kxc2 Kxd4 0-1

[Event "2nd American Continental"]
[Site "Buenos Aires ARG"]
[Date "2003.08.21"]
[Round "4"]
[White "Manzone, Alessandro jr"]
[Black "De Dovitiis, Alejo"]
[Result "1/2-1/2"]
[WhiteElo "2119"]
[BlackElo "2401"]
[EventDate "2003.08.17"]
[PlyCount "66"]

1.d4 Nf6 2.c4 e6 3.Nc3 Bb4 4.g3 c5 5.Nf3 Nc6 6.Bg2 Qa5 7.O-O Bxc3 8.bxc3 
Qxc3 9.Be3 Ng4 10.Rc1 Nxe3 11.Rxc3 Nxd1 12.Rxd1 d6 13.dxc5 dxc5 14.Ng5 Nd4
15.Kf1 Rb8 16.Ne4 b6 17.Rb1 e5 18.Nxc5 Bf5 19.Rb2 O-O 20.Nd3 Bxd3 21.Rxd3 
Ne6 22.Rd7 Rfd8 23.Rxd8+ Rxd8 24.Bd5 Nc5 25.e4 Rd6 26.Ke2 Kf8 27.Ke3 Ke7 
28.f3 g5 29.Rf2 Rh6 30.Rb2 Rf6 31.Rg2 Rg6 32.Rf2 Rh6 33.Rb2 Rf6 1/2-1/2

[Event "2nd American Continental"]
[Site "Buenos Aires ARG"]
[Date "2003.08.21"]
[Round "4"]
[White "Marcolino, Daniel Mattos"]
[Black "Mazziotti Irigoyen, Gabriel"]
[Result "0-1"]
[WhiteElo "2055"]
[BlackElo "2238"]
[EventDate "2003.08.17"]
[PlyCount "106"]

1.d4 d5 2.c4 dxc4 3.Nc3 Nf6 4.e3 e6 5.Bxc4 c5 6.Nge2 a6 7.a4 Nc6 8.O-O Qc7
9.d5 Na5 10.Ba2 c4 11.e4 Bd6 12.h3 exd5 13.Nxd5 Nxd5 14.exd5 O-O 15.Bd2 b5
16.Qe1 Nb7 17.Rc1 Bf5 18.Bb1 Bxb1 19.Rxb1 bxa4 20.Bb4 Rfe8 21.Bxd6 Qxd6 
22.Qd1 Nc5 23.Nc3 Rab8 24.Nxa4 Nd3 25.Nc3 Nxb2 26.Qd4 Qf6 27.Qxf6 gxf6 28.
Ra1 Rb3 29.Rfc1 Nd3 30.Rc2 Re1+ 31.Rxe1 Nxe1 32.Rc1 Nd3 33.Rc2 Nb4 34.Rc1 
Nd3 35.Rc2 Nf4 36.Ne4 Nxd5 37.Rxc4 Kg7 38.Nc5 Rb4 39.Rxb4 Nxb4 40.Kf1 f5 
41.Ke2 Kf6 42.Kd2 Ke5 43.Kc3 Nd5+ 44.Kc4 Nf4 45.Nd7+ Kd6 46.Nf6 h6 47.Ng8 
h5 48.Nf6 Ke6 49.Nh7 f6 50.g3 Nxh3 51.Nf8+ Kf7 52.Nd7 Nxf2 53.Nc5 Ne4 0-1

[Event "2nd American Continental"]
[Site "Buenos Aires ARG"]
[Date "2003.08.21"]
[Round "4"]
[White "Martinez Garcia, Jose Joaquin"]
[Black "Ustariz, Carlos"]
[Result "1/2-1/2"]
[WhiteElo "2172"]
[BlackElo "2130"]
[EventDate "2003.08.17"]
[PlyCount "60"]

1.d4 d5 2.c4 e6 3.Nc3 c5 4.cxd5 exd5 5.e3 Nf6 6.Nf3 Be7 7.Be2 O-O 8.O-O 
Nc6 9.b3 Bf5 10.Bb2 Rc8 11.Rc1 cxd4 12.Nxd4 Nxd4 13.Qxd4 Bc5 14.Qf4 Be6 
15.Na4 Be7 16.Rxc8 Bxc8 17.Rc1 Ne4 18.Bd3 Bd6 19.Qf3 Qg5 20.g3 Bg4 21.Qg2 
Bf5 22.Bd4 Nxg3 23.hxg3 Bxd3 24.Bxa7 Be4 25.f3 Bf5 26.g4 Be6 27.Bd4 f5 28.
gxf5 Rxf5 29.Nc5 Qxg2+ 30.Kxg2 Bxc5 1/2-1/2

[Event "2nd American Continental"]
[Site "Buenos Aires ARG"]
[Date "2003.08.21"]
[Round "4"]
[White "Monier, Raul"]
[Black "Nogueiras Santiago, Jesus"]
[Result "1-0"]
[WhiteElo "2405"]
[BlackElo "2521"]
[EventDate "2003.08.17"]
[PlyCount "97"]

1.Nf3 g6 2.d4 Bg7 3.c4 d6 4.Nc3 Bg4 5.e3 Nc6 6.Be2 Nf6 7.h3 Bd7 8.e4 O-O 
9.Be3 a5 10.O-O Re8 11.e5 dxe5 12.dxe5 Nh5 13.g4 Qc8 14.Nh2 Bxe5 15.gxh5 
Bxh3 16.Re1 Rd8 17.Qc1 Qf5 18.Qb1 Qf6 19.Qe4 Bf5 20.Qg2 Bxc3 21.bxc3 Qxc3 
22.Ng4 Bxg4 23.Qxg4 a4 24.Kg2 Rd6 25.Rad1 Re6 26.c5 a3 27.h6 Kf8 28.Qc4 
Qf6 29.Rd5 Re5 30.Rxe5 Qxe5 31.Rd1 f5 32.Qf4 Qxf4 33.Bxf4 e5 34.Bg5 Nd4 
35.Bc4 Ra4 36.Rc1 Ra5 37.Bf1 e4 38.Bd2 Ra8 39.Rb1 Ra7 40.Bc4 Nf3 41.Bf4 
Ke7 42.Bxc7 Nd2 43.Rc1 Ra4 44.Bd6+ Kf6 45.Bd5 Ra7 46.Rd1 Nf3 47.Rb1 Ra4 
48.Bxb7 Rd4 49.c6 1-0

[Event "2nd American Continental"]
[Site "Buenos Aires ARG"]
[Date "2003.08.21"]
[Round "4"]
[White "Morgado, Juan Sebastian"]
[Black "Romero, Leandro"]
[Result "1/2-1/2"]
[WhiteElo "2275"]
[BlackElo "2096"]
[EventDate "2003.08.17"]
[PlyCount "95"]

1.e4 e5 2.Nf3 Nc6 3.Bb5 a6 4.Ba4 Nf6 5.O-O Nxe4 6.d4 b5 7.Bb3 d5 8.dxe5 
Be6 9.Nbd2 Nc5 10.c3 d4 11.Bxe6 Nxe6 12.cxd4 Ncxd4 13.Ne4 Be7 14.Be3 Nf5 
15.Qc2 O-O 16.Nf6+ Bxf6 17.Qxf5 Be7 18.Rfd1 Qc8 19.Rac1 c5 20.Qe4 Qc7 21.
Ne1 Rfd8 22.f4 Rxd1 23.Rxd1 Rd8 24.Rd5 Qc6 25.Rxd8+ Nxd8 26.Qxc6 Nxc6 27.
Kf2 g5 28.Kf3 Kg7 29.Ke4 gxf4 30.Bxf4 Kg6 31.Nc2 Nd8 32.g4 Ne6 33.Be3 Bg5 
34.Bf2 h5 35.gxh5+ Kxh5 36.b3 Kg4 37.Ne1 Kh3 38.Kd5 c4 39.bxc4 bxc4 40.
Kxc4 Kxh2 41.Nf3+ Kg2 42.Nxg5 Nxg5 43.Bh4 Nf3 44.Bf6 Kg3 45.a4 Kf4 46.Kd5 
Kf5 47.a5 Kf4 48.Bh8 1/2-1/2

[Event "2nd American Continental"]
[Site "Buenos Aires ARG"]
[Date "2003.08.21"]
[Round "4"]
[White "Needleman, Gaston"]
[Black "Huertas Soris, Ramon"]
[Result "1/2-1/2"]
[WhiteElo "2155"]
[BlackElo "2288"]
[EventDate "2003.08.17"]
[PlyCount "75"]

1.e4 Nc6 2.d4 d5 3.e5 Bf5 4.c3 e6 5.Bd3 Bxd3 6.Qxd3 f6 7.exf6 gxf6 8.Ne2 
Qd7 9.O-O O-O-O 10.b4 e5 11.a4 Nge7 12.a5 Nb8 13.b5 e4 14.Qc2 Qxb5 15.Na3 
Qc6 16.Bf4 Na6 17.Rfb1 Kb8 18.Rb3 Ka8 19.Rab1 Rb8 20.Nb5 h5 21.c4 Rh7 22.
Rc3 Qd7 23.Qa4 Nc6 24.Be3 Bh6 25.Bxh6 Rxh6 26.cxd5 Qxd5 27.Nf4 Qf5 28.Rxc6
e3 29.Nc3 exf2+ 30.Kf1 Qxf4 31.Rxa6 Qxh2 32.Qc4 Qg1+ 33.Ke2 Qxg2 34.Rxa7+ 
Kxa7 35.Nb5+ Ka8 36.Nxc7+ Ka7 37.Qc5+ b6 38.Nb5+ 1/2-1/2

[Event "2nd American Continental"]
[Site "Buenos Aires ARG"]
[Date "2003.08.21"]
[Round "4"]
[White "Orsini, Antonio"]
[Black "Altamirano, Benjamin"]
[Result "1/2-1/2"]
[WhiteElo "2181"]
[BlackElo "2333"]
[EventDate "2003.08.17"]
[PlyCount "50"]

1.e4 c6 2.d4 d5 3.e5 c5 4.Nf3 Bg4 5.c4 Nc6 6.cxd5 Qxd5 7.Nc3 Bxf3 8.gxf3 
Qxd4 9.Be3 Qxd1+ 10.Rxd1 e6 11.Ne4 Nxe5 12.Bb5+ Nc6 13.Bxc5 Bxc5 14.Nxc5 
a6 15.Bxc6+ bxc6 16.Rg1 g6 17.Rg4 Nf6 18.Ra4 Ke7 19.Nxa6 Nd5 20.Nc5 Rxa4 
21.Nxa4 Ra8 22.Nc3 Kd6 23.Ke2 Rb8 24.b3 e5 25.Rd3 f5 1/2-1/2

[Event "2nd American Continental"]
[Site "Buenos Aires ARG"]
[Date "2003.08.21"]
[Round "4"]
[White "Pedro, Fernando"]
[Black "Spangenberg, Hugo"]
[Result "0-1"]
[WhiteElo "2273"]
[BlackElo "2495"]
[EventDate "2003.08.17"]
[PlyCount "110"]

1.e4 c5 2.Nf3 e6 3.d4 cxd4 4.Nxd4 a6 5.Nc3 Qc7 6.Be2 b5 7.Bf3 Bb7 8.O-O d6
9.Re1 Be7 10.e5 dxe5 11.Bxb7 Qxb7 12.Rxe5 Nd7 13.Re1 Ngf6 14.Qf3 Qxf3 15.
Nxf3 Rc8 16.a3 Nb6 17.Ne5 Bd6 18.Nd3 Ke7 19.Bf4 Rhd8 20.Bxd6+ Rxd6 21.h3 
Nc4 22.Nd1 Nd5 23.Nb4 a5 24.Nxd5+ Rxd5 25.b3 Nd6 26.Ne3 Rd2 27.Rad1 Rxd1 
28.Rxd1 f5 29.g3 g5 30.Rd2 Ne4 31.Rd4 Nc3 32.Kf1 Rc6 33.a4 bxa4 34.bxa4 
Ne4 35.Ke1 Nd6 36.f3 e5 37.Rd5 Ke6 38.Rxa5 Rc3 39.Nf1 Rxf3 40.Ra7 f4 41.
gxf4 gxf4 42.Rxh7 Ra3 43.Nd2 Rxa4 44.Ke2 Nf5 45.Rb7 Ne3 46.c3 Ra1 47.h4 
Rc1 48.h5 Rh1 49.h6 Rh2+ 50.Kd3 Ng4 51.h7 Nf6 52.Nc4 Rxh7 53.Rb6+ Kf5 54.
Rb5 Rh8 55.Kd2 Ne4+ 0-1

[Event "2nd American Continental"]
[Site "Buenos Aires ARG"]
[Date "2003.08.21"]
[Round "4"]
[White "Perdomo, Leandro"]
[Black "Echeguren, Gustavo"]
[Result "1-0"]
[WhiteElo "2304"]
[BlackElo "2091"]
[EventDate "2003.08.17"]
[PlyCount "85"]

1.d4 Nf6 2.c4 e6 3.Nc3 Bb4 4.e3 O-O 5.Bd3 d5 6.Nf3 c5 7.O-O cxd4 8.exd4 
dxc4 9.Bxc4 b6 10.Bg5 Bb7 11.Qd3 Nbd7 12.Rfd1 Be7 13.Rac1 Rc8 14.Bb3 Nd5 
15.Ne4 N7f6 16.Rxc8 Qxc8 17.Nxf6+ Nxf6 18.Rc1 Qd8 19.Ne5 Qd6 20.Bf4 Nh5 
21.Be3 Rd8 22.Bd1 Nf6 23.Bf3 Bxf3 24.Nxf3 e5 25.Nxe5 Qxe5 26.dxe5 Rxd3 27.
exf6 Bxf6 28.Kf1 Kf8 29.Rc7 Rd1+ 30.Ke2 Rb1 31.Rxa7 Rxb2+ 32.Kf3 b5 33.a3 
Rb3 34.Ke4 Ke8 35.Bc5 Bc3 36.Re7+ Kd8 37.Rxf7 Bb2 38.Ra7 Rc3 39.Kd5 Rd3+ 
40.Kc6 Ke8 41.Re7+ Kd8 42.Re2 Bxa3 43.Bb6+ 1-0

[Event "2nd American Continental"]
[Site "Buenos Aires ARG"]
[Date "2003.08.21"]
[Round "4"]
[White "Pierrot, Juan Facundo"]
[Black "Campora, Daniel Hugo"]
[Result "1/2-1/2"]
[WhiteElo "2417"]
[BlackElo "2510"]
[EventDate "2003.08.17"]
[PlyCount "115"]

1.e4 e5 2.Nf3 d6 3.d4 exd4 4.Qxd4 Nf6 5.e5 dxe5 6.Qxd8+ Kxd8 7.Nxe5 Be6 8.
Bc4 Bxc4 9.Nxc4 Bb4+ 10.Bd2 Re8+ 11.Kf1 Nc6 12.Nc3 Ne4 13.Nxe4 Rxe4 14.b3 
Bxd2 15.Nxd2 Re7 16.c3 Kd7 17.Rd1 Rd8 18.Nc4+ Kc8 19.Rxd8+ Nxd8 20.Ne3 Ne6
21.Ke2 f5 22.Rd1 f4 23.Nd5 Rd7 24.c4 c6 25.Nc3 Nd4+ 26.Kf1 f3 27.Ne4 b6 
28.c5 fxg2+ 29.Kxg2 Ne6 30.Rxd7 Kxd7 31.cxb6 axb6 32.Kf3 c5 33.Ke3 Kc6 34.
f4 Nd4 35.Kd3 Nf5 36.Nc3 Nd6 37.Ne2 b5 38.Nc3 b4 39.Ne4 Nf5 40.Nd2 Kd5 41.
Nc4 Nd4 42.Ne3+ Kc6 43.f5 Nb5 44.Ng4 h5 45.f6 gxf6 46.Nxf6 h4 47.Ng4 Nd4 
48.Ne5+ Kd5 49.Ng6 Nf3 50.h3 Ne5+ 51.Nxe5 Kxe5 52.Ke3 Kd5 53.Kd3 Kd6 54.
Kd2 Kc6 55.Kc2 Kc7 56.Kc1 Kb7 57.Kb1 Ka6 58.a4 1/2-1/2

[Event "2nd American Continental"]
[Site "Buenos Aires ARG"]
[Date "2003.08.21"]
[Round "4"]
[White "Rodi, Luis Ernesto"]
[Black "Morinongeli, Martin"]
[Result "1/2-1/2"]
[WhiteElo "2221"]
[BlackElo "2143"]
[EventDate "2003.08.17"]
[PlyCount "84"]

1.f4 d5 2.Nf3 c5 3.g3 g6 4.Bg2 Bg7 5.O-O Nc6 6.d3 Nf6 7.Nc3 d4 8.Ne4 Qb6 
9.a3 O-O 10.h3 Nd5 11.Nh4 f5 12.Ng5 Qd8 13.Qe1 e5 14.fxe5 Nxe5 15.c4 dxc3 
16.bxc3 Nc6 17.Bd2 Nxc3 18.Bxc3 Qxg5 19.Bxg7 Kxg7 20.Qc3+ Rf6 21.Kh2 Qe3 
22.Rf4 Qe5 23.Rc4 Qxc3 24.Rxc3 Re6 25.Re1 Bd7 26.Rxc5 Rae8 27.e4 Rd6 28.
Rf1 fxe4 29.dxe4 Rd3 30.Rf3 Rxf3 31.Bxf3 Re5 32.Rc3 g5 33.Ng2 Nd4 34.Ne1 
Bc6 35.Re3 Nxf3+ 36.Nxf3 Rxe4 37.Rc3 Re2+ 38.Kg1 Bxf3 39.Rxf3 a6 40.Rd3 
Re7 41.Kf2 b5 42.Rd6 Rf7+ 1/2-1/2

[Event "2nd American Continental"]
[Site "Buenos Aires ARG"]
[Date "2003.08.21"]
[Round "4"]
[White "Scarella, Enrique Alejandro"]
[Black "Caceres Vasquez, Sergio"]
[Result "1/2-1/2"]
[WhiteElo "2374"]
[BlackElo "2201"]
[EventDate "2003.08.17"]
[PlyCount "35"]

1.Nf3 c5 2.c4 Nf6 3.Nc3 e6 4.g3 b6 5.Bg2 Bb7 6.O-O Be7 7.Re1 O-O 8.e4 d6 
9.d4 cxd4 10.Nxd4 Qc8 11.Ndb5 Rd8 12.Be3 Nbd7 13.Rc1 Qb8 14.f4 a6 15.Na3 
Qc7 16.Qe2 Rac8 17.Bf2 Qb8 18.g4 1/2-1/2

[Event "2nd American Continental"]
[Site "Buenos Aires ARG"]
[Date "2003.08.21"]
[Round "4"]
[White "Sosa Harrison, Jorge"]
[Black "Vera Insfran, Jorge"]
[Result "1/2-1/2"]
[WhiteElo "2294"]
[BlackElo "2189"]
[EventDate "2003.08.17"]
[PlyCount "41"]

1.Nf3 Nf6 2.b3 g6 3.Bb2 Bg7 4.g3 O-O 5.Bg2 d6 6.d4 Nbd7 7.O-O Re8 8.c4 e5 
9.dxe5 Ng4 10.Nc3 Ndxe5 11.Qd2 Nxf3+ 12.exf3 Ne5 13.f4 Nc6 14.Nd5 Be6 15.
Bxg7 Kxg7 16.Qb2+ f6 17.Ne3 Qd7 18.Rad1 Qc8 19.Qc3 Ne7 20.Rfe1 Rb8 21.Rd2 
1/2-1/2

[Event "2nd American Continental"]
[Site "Buenos Aires ARG"]
[Date "2003.08.21"]
[Round "4"]
[White "Szmetan, Jorge"]
[Black "Restuccia, Francisco"]
[Result "1-0"]
[WhiteElo "2408"]
[BlackElo "2239"]
[EventDate "2003.08.17"]
[PlyCount "48"]

1.Nf3 e6 2.c4 b6 3.g3 Bb7 4.Bg2 f5 5.O-O Nf6 6.Nc3 g6 7.d3 Bg7 8.e4 fxe4 
9.Ng5 h6 10.Ngxe4 Nxe4 11.Nxe4 d5 12.Nc3 O-O 13.Qg4 Rf6 14.Re1 Bc8 15.cxd5
exd5 16.Bxd5+ Kh7 17.Qh4 c6 18.Bg2 Re6 19.Bd2 Qxh4 20.gxh4 Kg8 21.Nd5 Na6 
22.Ne7+ Kh7 23.Bxc6 Rxc6 24.Nxc6 Bb7 1-0

[Event "2nd American Continental"]
[Site "Buenos Aires ARG"]
[Date "2003.08.21"]
[Round "4"]
[White "Tobares, Leandro"]
[Black "Daneri, Martin"]
[Result "0-1"]
[WhiteElo "2283"]
[BlackElo "2175"]
[EventDate "2003.08.17"]
[PlyCount "110"]

1.d4 Nf6 2.Nf3 g6 3.c4 c5 4.d5 b5 5.a4 b4 6.b3 Bg7 7.Bb2 O-O 8.Nbd2 e6 9.
dxe6 fxe6 10.g3 d5 11.Bg2 Bb7 12.O-O Nbd7 13.Ng5 Qb6 14.Qc2 Rac8 15.e3 a5 
16.h4 Ba8 17.Rae1 Qd6 18.f4 Qe7 19.e4 d4 20.e5 Ng4 21.Bh3 Ne3 22.Rxe3 dxe3
23.Nde4 Rf5 24.Nd6 Rd8 25.Qe2 Nf8 26.Bg2 Bxg2 27.Kxg2 Rxd6 28.exd6 Qxd6 
29.Bxg7 Kxg7 30.Qxe3 e5 31.fxe5 Rxe5 32.Qf3 Qe7 33.Qf7+ Qxf7 34.Rxf7+ Kg8 
35.Ra7 h6 36.Nf7 Re3 37.Nxh6+ Kh8 38.Ng4 Rxb3 39.Nf6 Rc3 40.Rf7 Rxc4 41.
Rxf8+ Kg7 42.Nd7 Rd4 43.Rc8 Rxd7 44.Rxc5 Rb7 45.Kf2 b3 46.Rc1 Kf6 47.g4 
Ke5 48.Ke3 Rb4 49.h5 Rxa4 50.h6 b2 51.Rg1 Rxg4 52.Rb1 Rg3+ 53.Kf2 Rh3 54.
Kg2 Rxh6 55.Rxb2 Kd4 0-1

[Event "2nd American Continental"]
[Site "Buenos Aires ARG"]
[Date "2003.08.21"]
[Round "4"]
[White "Valerga, Diego"]
[Black "Alvarez, Hector"]
[Result "1-0"]
[WhiteElo "2496"]
[BlackElo "2216"]
[EventDate "2003.08.17"]
[PlyCount "68"]

1.g3 d5 2.Bg2 Nf6 3.Nf3 Bf5 4.O-O e6 5.b3 Be7 6.Bb2 O-O 7.c4 h6 8.d3 c5 9.
cxd5 exd5 10.d4 Nc6 11.Nc3 Re8 12.Rc1 Rc8 13.Na4 c4 14.Nh4 Bg4 15.h3 Be6 
16.bxc4 dxc4 17.e4 Nxe4 18.Bxe4 Bxh4 19.d5 Bxh3 20.dxc6 Bxf1 21.cxb7 Rxe4 
22.bxc8=Q Qxc8 23.Qxf1 Rg4 24.Kh2 Qf5 25.Nc3 Bf6 26.Nd1 Bxb2 27.Nxb2 Qa5 
28.Rxc4 Rg5 29.Qd3 Rh5+ 30.Kg2 g6 31.Rc8+ Kh7 32.Qd4 Qe5 33.Qxe5 Rxe5 34.
Rc7 Re2 1-0

[Event "2nd American Continental"]
[Site "Buenos Aires ARG"]
[Date "2003.08.21"]
[Round "4"]
[White "Varela, Daniel"]
[Black "Bitelmajer, Martin"]
[Result "0-1"]
[WhiteElo "2164"]
[BlackElo "2230"]
[EventDate "2003.08.17"]
[PlyCount "66"]

1.Nf3 Nf6 2.g3 g6 3.Bg2 Bg7 4.c4 O-O 5.Nc3 c5 6.O-O Nc6 7.a3 d6 8.Rb1 Be6 
9.d3 h6 10.b4 Qd7 11.bxc5 dxc5 12.Na4 b6 13.Bf4 Nh5 14.Bd2 Bh3 15.Bc3 Bxg2
16.Kxg2 e5 17.Ne1 Rad8 18.f3 f5 19.Bb2 Qe6 20.Nc3 Nf6 21.e3 e4 22.Nd5 Nxd5
23.cxd5 Qxd5 24.Bxg7 Kxg7 25.fxe4 fxe4 26.Rxf8 Rxf8 27.d4 cxd4 28.Nc2 d3 
29.Nb4 Nxb4 30.Rxb4 Qa2+ 31.Kh3 Rf2 32.Rxe4 Rxh2+ 33.Kg4 Qe2+ 0-1

[Event "2nd American Continental"]
[Site "Buenos Aires ARG"]
[Date "2003.08.21"]
[Round "4"]
[White "Vasquez Schroder, Rodrigo"]
[Black "Tempone, Marcelo"]
[Result "1/2-1/2"]
[WhiteElo "2514"]
[BlackElo "2437"]
[EventDate "2003.08.17"]
[PlyCount "43"]

1.d4 Nf6 2.c4 e6 3.Nc3 d5 4.Bg5 Be7 5.Nf3 O-O 6.e3 Nbd7 7.Qc2 c5 8.cxd5 
Nxd5 9.Bxe7 Nxe7 10.Bd3 g6 11.O-O cxd4 12.Nxd4 Nc5 13.Be2 e5 14.Nf3 f6 15.
b4 Ne6 16.Qb3 Kg7 17.Rfd1 Qe8 18.Nb5 Nf5 19.e4 Nh6 20.g3 Nf7 21.Bc4 Qe7 
22.Nc3 1/2-1/2

[Event "2nd American Continental"]
[Site "Buenos Aires ARG"]
[Date "2003.08.21"]
[Round "4"]
[White "Walsh, Hector"]
[Black "Leon Hoyos, Manuel"]
[Result "1-0"]
[WhiteElo "2156"]
[BlackElo "2281"]
[EventDate "2003.08.17"]
[PlyCount "95"]

1.e4 c5 2.Nc3 g6 3.Nf3 Bg7 4.d4 cxd4 5.Nxd4 Nc6 6.Be3 Nf6 7.Bc4 O-O 8.Bb3 
Qc7 9.f3 a6 10.Qd2 b5 11.O-O-O Bb7 12.h4 Rfc8 13.Kb1 Na5 14.h5 Nxb3 15.
axb3 e5 16.Nde2 b4 17.Na4 d5 18.Nb6 dxe4 19.Nxa8 Bxa8 20.hxg6 fxg6 21.fxe4
Nxe4 22.Qd7 Qxc2+ 23.Ka2 Rf8 24.Qe6+ Rf7 25.Rd8+ Bf8 26.Rxh7 Nd6 27.Rxf7 
Nxf7 28.Rxa8 Kg7 29.Ng3 Qxg2 30.Ra7 Qf3 31.Ne4 Qf5 32.Qxf5 gxf5 33.Ng5 Kg6
34.Rxf7 Bh6 35.Re7 f4 36.Nf3 fxe3 37.Rxe5 Bf4 38.Nh4+ Kh6 39.Rxe3 Bxe3 40.
Nf5+ Kg6 41.Nxe3 Kf7 42.Nd5 a5 43.Nb6 Ke6 44.Nc4 Kd5 45.Nxa5 Kd4 46.Kb1 
Kc5 47.Kc2 Kd4 48.Nc4 1-0

[Event "2nd American Continental"]
[Site "Buenos Aires ARG"]
[Date "2003.08.21"]
[Round "4"]
[White "Zambrana, Oswaldo"]
[Black "Soppe, Guillermo"]
[Result "1-0"]
[WhiteElo "2404"]
[BlackElo "2467"]
[EventDate "2003.08.17"]
[PlyCount "81"]

1.e4 c6 2.d4 d5 3.e5 Bf5 4.Nc3 e6 5.g4 Bg6 6.Nge2 Be7 7.Bg2 Nd7 8.Nf4 Bg5 
9.Nce2 c5 10.c4 dxc4 11.O-O Bxf4 12.Nxf4 Ne7 13.Bxb7 Rb8 14.Bg2 O-O 15.Be3
Bd3 16.Nxd3 cxd3 17.Qxd3 Nxe5 18.Qe4 cxd4 19.Bxd4 N5c6 20.Bc5 Re8 21.Qa4 
Qc7 22.Rac1 Nd5 23.Rfd1 Rec8 24.Bxd5 exd5 25.Rxd5 Nb4 26.Rdd1 Qf4 27.h3 
Nd3 28.Qxf4 Nxf4 29.Bd6 Rxc1 30.Rxc1 Ne2+ 31.Kf1 Nxc1 32.Bxb8 a6 33.a3 f6 
34.b4 Kf7 35.Ke1 Nd3+ 36.Ke2 Nb2 37.Kf3 Nc4 38.a4 Nb6 39.b5 axb5 40.axb5 
Nd5 41.Ba7 1-0

[Event "2nd American Continental"]
[Site "Buenos Aires ARG"]
[Date "2003.08.21"]
[Round "4"]
[White "Zapata, Alonso"]
[Black "Julia, Ernesto"]
[Result "1-0"]
[WhiteElo "2543"]
[BlackElo "2387"]
[EventDate "2003.08.17"]
[PlyCount "61"]

1.e4 c5 2.Nf3 e6 3.d4 cxd4 4.Nxd4 Nf6 5.Nc3 d6 6.Be2 Be7 7.O-O O-O 8.Be3 
Nc6 9.f4 Bd7 10.Nb3 a6 11.a4 b6 12.Bf3 Qc7 13.g4 Bc8 14.g5 Nd7 15.Bg2 Rb8 
16.Qg4 Na5 17.f5 Ne5 18.Qg3 Re8 19.Rad1 Bf8 20.Nd4 Nac6 21.Nce2 Nxd4 22.
Nxd4 b5 23.axb5 axb5 24.Kh1 b4 25.Bg1 Bd7 26.Rf4 exf5 27.exf5 Nc6 28.g6 
Re5 29.gxf7+ Kh8 30.Rh4 Rxf5 31.Qg6 1-0